Príležitosť pre mladých umelcov Mozart v Opere SND s talianskym dirigentom

Bibliographic Details
Main Author: Blahynka, Miloslav, 1961-2011 (Author)
Format: Article
Language:Slovak
PhysicalDescription:Fotogr.
ISSN:1335-146X
Subjects:

MARC

LEADER 00000nab a2200000 a 4500
001 vtls000650234
003 SK-MaSNL
005 20260304010649.0
008 140301c1998 xo 0 slo
015 |a SNBRA1998/02-03461 
035 |a CLN000002428 
040 |a SNKBUCL  |b slo  |c SNKBUCL  |e AACR2 
041 0 |a slo 
044 |a xo  |c SK 
080 |a 792.5  |2 1997 
100 1 |a Blahynka, Miloslav,  |d 1961-2011  |4 aut  |9 102187 
245 1 0 |a Príležitosť pre mladých umelcov  |b Mozart v Opere SND s talianskym dirigentom  |c Miloslav Blahynka 
300 |b Fotogr. 
600 1 7 |a Mozart, Wolfgang Amadeus,  |d 1756-1791  |t Cosi fan tutte  |2 snkbucl  |9 19206 
610 7 |a Slovenské národné divadlo.  |b Opera  |2 snkbucl  |9 65024 
655 7 |a články z novín a časopisov  |2 snkbucl  |9 267496 
655 7 |a recenzie  |2 snkbucl  |9 21907 
730 |t Cosi fan tutte  |9 1288753 
773 0 |t Teatro  |g Roč. 4, č. 2 (1998), s. 16-17  |x 1335-146X 
850 |a Slovenská národná knižnica v Martine 
852 |a SNK  |b KIS3GCP 
992 |a RBX 
999 |c 2562003  |d 2563933